[Event "Madrid San Viator op-B 28th"]
[Site "Madrid"]
[Date "2017.05.14"]
[Round "6"]
[White "Aldea Moreno, Marina"]
[Black "Del Rio Perezagua, Mario"]
[Result "0-1"]
[WhiteElo "1427"]
[BlackElo "1621"]
[PlyCount "78"]
[EventDate "2017.03.26"]
[EventType "swiss"]
[EventRounds "9"]
[EventCountry "ESP"]
[SourceTitle "EXT 2019"]
[Source "ChessBase"]
[SourceDate "2018.10.10"]
[SourceVersion "1"]
[SourceVersionDate "2018.10.10"]
[SourceQuality "1"]

1. e4 c5 2. c3 d5 3. exd5 Qxd5 4. d4 Nf6 5. Nf3 e6 6. Na3 cxd4 7. Bc4 Qe4+ 8. Be2 Bxa3 9. Qa4+ Bd7 10. Qxa3 d3 11. 0-0 dxe2 12. Re1 Bc6 13. Be3 Nbd7 14. Qd6 Qd5 15. Qxd5 Nxd5 16. Bd4 N5f6 17. Nd2 0-0 18. Rxe2 Rfe8 19. f3 b6 20. Nc4 Bb5 21. b3 Bxc4 22. bxc4 Rac8 23. a4 Rxc4 24. Ra3 Nc5 25. a5 bxa5 26. Rb2 e5 27. Bf2 Rc8 28. Rb1 g6 29. Be1 Rc7 30. Bd2 Kg7 31. Rxa5 Ra4 32. Rab5 Ra2 33. Be1 Nd3 34. Bg3 Rxc3 35. Bxe5 Nxe5 36. Rxe5 Rcc2 37. g4 Rxh2 38. Rb7 Rhb2 39. Rd7 Ra1+ 0-1

[Event "Madrid San Viator op-B 27th"]
[Site "Madrid"]
[Date "2016.11.06"]
[Round "7"]
[White "Aparicio Iriso, Miguel"]
[Black "Del Rio Perezagua, Mario"]
[Result "1/2-1/2"]
[WhiteElo "1325"]
[BlackElo "1600"]
[PlyCount "56"]
[EventDate "2016.09.25"]
[EventType "swiss"]
[EventRounds "9"]
[EventCountry "ESP"]
[SourceTitle "EXT 2019"]
[Source "ChessBase"]
[SourceDate "2018.10.10"]
[SourceVersion "1"]
[SourceVersionDate "2018.10.10"]
[SourceQuality "1"]

1. d4 Nf6 2. c4 g6 3. Nc3 Bg7 4. e4 d6 5. f4 0-0 6. Nf3 c5 7. d5 e6 8. Bd3 exd5 9. cxd5 Nbd7 10. 0-0 a6 11. a4 Qc7 12. Bd2 c4 13. Bc2 Rb8 14. Rb1 b5 15. b4 Ng4 16. Kh1 Qb6 17. Qe1 Re8 18. h3 Ngf6 19. a5 Qd8 20. Qf2 Re7 21. Nd4 Bb7 22. Rbe1 Qe8 23. Re2 Qf8 24. Nc6 Rbe8 25. Nxe7+ Rxe7 26. Rfe1 Qe8 27. Qa7 Bc8 28. Qf2 Bb7 1/2-1/2

[Event "ESP-ch U12"]
[Site "Granada"]
[Date "2016.07.05"]
[Round "3"]
[White "Del Rio Perezagua, Mario"]
[Black "Escartin Lacasa, Jose"]
[Result "1/2-1/2"]
[WhiteElo "1562"]
[BlackElo "1839"]
[PlyCount "75"]
[EventDate "2016.07.04"]
[EventType "swiss"]
[EventRounds "9"]
[EventCountry "ESP"]
[SourceTitle "EXT 2024"]
[Source "ChessBase"]
[SourceDate "2023.10.10"]
[SourceVersion "1"]
[SourceVersionDate "2023.10.10"]
[SourceQuality "1"]

1. Nf3 Nf6 2. g3 d5 3. Bg2 g6 4. 0-0 Bg7 5. d3 0-0 6. Nbd2 c5 7. e4 Nc6 8. Re1 e5 9. a4 d4 10. Nc4 Qc7 11. Nh4 Nh5 12. Nf5 Bxf5 13. exf5 Rfe8 14. Nd2 Nf6 15. fxg6 hxg6 16. Nb3 Nb4 17. a5 Rad8 18. Bd2 Nfd5 19. Bxb4 Nxb4 20. Rc1 c4 21. Qd2 cxb3 22. Qxb4 Bh6 23. f4 exf4 24. cxb3 Rxe1+ 25. Rxe1 fxg3 26. h3 Qc2 27. Qe7 Bg5 28. Re2 Qb1+ 29. Re1 Be3+ 30. Qxe3 dxe3 31. Rxb1 Rxd3 32. Re1 Rxb3 33. Bf3 Rxb2 34. Rxe3 Ra2 35. Re2 Rxa5 36. Bxb7 Rb5 37. Bc6 Rc5 38. Bf3 1/2-1/2

[Event "Madrid San Viator op-B 26th"]
[Site "Madrid"]
[Date "2016.05.22"]
[Round "7"]
[White "Del Rio Perezagua, Mario"]
[Black "Blanco Ruiz, Cesar"]
[Result "1/2-1/2"]
[WhiteElo "1457"]
[BlackElo "1559"]
[PlyCount "93"]
[EventDate "2016.04.03"]
[EventType "swiss"]
[EventRounds "9"]
[EventCountry "ESP"]
[SourceTitle "EXT 2017"]
[Source "ChessBase"]
[SourceDate "2016.10.25"]
[SourceVersion "1"]
[SourceVersionDate "2016.10.25"]
[SourceQuality "1"]

1. e4 e6 2. d4 d5 3. e5 c5 4. c3 Nc6 5. Nf3 Bd7 6. a3 f6 7. Bd3 Qc7 8. Bf4 0-0-0 9. 0-0 h6 10. Bg3 f5 11. b4 cxd4 12. cxd4 Qb6 13. Nc3 Nge7 14. Na4 Qc7 15. Rc1 a6 16. Nc5 g5 17. h3 Ng6 18. Nxa6 bxa6 19. Bxa6+ Kb8 20. b5 Nge7 21. bxc6 Nxc6 22. Qb3+ Ka7 23. Qa4 Qa5 24. Bb5 Qxa4 25. Bxa4 Rc8 26. Bxc6 Bxc6 27. Nd2 Be7 28. f4 Bb5 29. Rfe1 Kb6 30. Bf2 Bxa3 31. Rxc8 Rxc8 32. Nb3 Rc3 33. Nc5 Bxc5 34. dxc5+ Ka5 35. Ra1+ Kb4 36. Be1 d4 37. Kf2 Kxc5 38. Bxc3 dxc3 39. g3 Kc4 40. Ke3 Bc6 41. h4 gxf4+ 42. gxf4 h5 43. Rg1 Kb3 44. Re1 c2 45. Kd2 Be4 46. Rg1 Kb2 47. Rc1 1/2-1/2

[Event "Madrid San Viator op-B 25th"]
[Site "Madrid"]
[Date "2015.11.08"]
[Round "7"]
[White "Del Rio Perezagua, Mario"]
[Black "Bellagamba, Pascal"]
[Result "0-1"]
[WhiteElo "1487"]
[BlackElo "1643"]
[PlyCount "36"]
[EventDate "2015.10.04"]
[EventType "swiss"]
[EventRounds "9"]
[EventCountry "ESP"]
[SourceTitle "EXT 2019"]
[Source "ChessBase"]
[SourceDate "2018.10.10"]
[SourceVersion "1"]
[SourceVersionDate "2018.10.10"]
[SourceQuality "1"]

1. e4 Nf6 2. e5 Nd5 3. d4 d6 4. c4 Nb6 5. exd6 cxd6 6. Nc3 g6 7. Nf3 Bg7 8. h3 Nc6 9. Be2 0-0 10. 0-0 Bf5 11. a3 Re8 12. Bd3 Qd7 13. Be3 Rad8 14. Qc2 Nxc4 15. Bxf5 Qxf5 16. Qb3 Nb6 17. Nd5 Na5 18. Qb5 Nac4 0-1

[Event "Castilla La Mancha Region U12"]
[Site "Horche"]
[Date "2015.03.28"]
[Round "3.1"]
[White "Del Rio Perezagua, Mario"]
[Black "Araque Puertas, Jorge"]
[Result "1-0"]
[WhiteElo "1405"]
[BlackElo "1225"]
[PlyCount "43"]
[EventDate "2015.03.27"]
[EventType "swiss"]
[EventRounds "6"]
[EventCountry "ESP"]
[SourceTitle "EXT 2024"]
[Source "ChessBase"]
[SourceDate "2023.10.10"]
[SourceVersion "1"]
[SourceVersionDate "2023.10.10"]
[SourceQuality "1"]

1. e4 e5 2. Nf3 Nc6 3. Bb5 a6 4. Ba4 Nf6 5. d3 h6 6. c3 b5 7. Bb3 Bc5 8. 0-0 0-0 9. Nbd2 d5 10. exd5 Nxd5 11. Ne4 Ba7 12. Re1 Re8 13. Bxh6 Nf6 14. Bg5 Bg4 15. Nxf6+ gxf6 16. Be3 Bxe3 17. Rxe3 Ne7 18. h3 Bxf3 19. Rxf3 Ng6 20. Rg3 Kf8 21. Qh5 Nf4 22. Qxf7# 1-0

[Event "Madrid San Viator op 23rd"]
[Site "Madrid"]
[Date "2014.11.16"]
[Round "8"]
[White "Hidalgo Prado, David"]
[Black "Del Rio Perezagua, Mario"]
[Result "1-0"]
[WhiteElo "1449"]
[BlackElo "1348"]
[PlyCount "129"]
[EventDate "2014.09.28"]
[EventType "swiss"]
[EventRounds "9"]
[EventCountry "ESP"]
[SourceTitle "EXT 2016"]
[Source "ChessBase"]
[SourceDate "2015.10.08"]
[SourceVersion "1"]
[SourceVersionDate "2015.10.08"]
[SourceQuality "1"]

1. e4 e5 2. Nf3 Nc6 3. Bb5 a6 4. Ba4 Nf6 5. Qe2 b5 6. Bb3 Be7 7. c3 0-0 8. d4 d6 9. Bg5 Bg4 10. Nbd2 exd4 11. Bxf6 Bxf6 12. Bd5 dxc3 13. Bxc6 cxd2+ 14. Qxd2 Rb8 15. Nd4 Rb6 16. Rc1 Bg5 17. f4 Bh4+ 18. g3 Bf6 19. Nb3 Qe7 20. 0-0 Bh3 21. Rfe1 Qe6 22. f5 Qe5 23. Rc2 Qe7 24. Qe2 Qe5 25. Qh5 Bxf5 26. Qxf5 Qe7 27. Ree2 Rd8 28. Na5 Bd4+ 29. Kg2 Bc5 30. Bd5 Rf8 31. Nc6 Qe8 32. b4 Rxc6 33. bxc5 Rxc5 34. Rxc5 dxc5 35. Rc2 Qe7 36. Rxc5 g6 37. Qf2 Rb8 38. Qc2 Qd6 39. Rxc7 Rf8 40. Rc6 Qa3 41. Qb3 Qa5 42. Rf6 Kg7 43. Qf3 Qd2+ 44. Qf2 Qxf2+ 45. Rxf2 f5 46. e5 Re8 47. Re2 Kf8 48. Bc6 Re6 49. Bd7 Re7 50. e6 Kg7 51. Re5 Kf6 52. Rc5 Kg7 53. Kf3 Kf6 54. h4 Rg7 55. Rc6 Rg8 56. Rxa6 Rb8 57. a3 Ke7 58. Rc6 Ra8 59. Rc3 Kd8 60. Rb3 Ke7 61. Kf4 h6 62. Ke5 Ra5 63. Bxb5 h5 64. a4 Ra7 65. Rd3 1-0